000 00400nam a2200145Ia 4500
008 220217s9999||||xx |||||||||||||| ||und||
020 _a81-7808-422-8
082 _a004.67 STA
100 _aStallings, William
245 0 _aISDN and broadband ISDN with frame relay and ATM
250 _a4th
260 _aPearson education asia
_bDelhi
_c2002
300 _b295
650 _aCOMPUTER NETWORK
999 _c171924
_d171924